000 00493nam a2200169 i 4500
001 150033
003 ES-MaACL
005 20230906203342.0
007 t|
008 071025s1968 sp ||||1| cat d
100 1 _aVallverdú i Torrents, Maria Dolors.
_9112969
245 1 0 _aPoemes /
_cMª Dolors Vallverdú i Torrents.
260 _aReus :
_b[M. D. Vallverdú],
_c1968.
300 _a26 h. ;
_c22 cm.
852 _aES-MaACL
_j2070-F-9
_bR.71614
852 _aES-MaACL
_j2067-F-17
_bR.68670
999 _c150033
_d150033